| 000 | 00738cad a22002055a 4500 | ||
|---|---|---|---|
| 001 | LENQ00000011 | ||
| 008 | 101004s2010 xxk f 000 0 eng d | ||
| 035 | _a(Sirsi) u151126 | ||
| 041 | 0 | _aeng | |
| 050 | 0 | 4 | _a692.5 $2 18 |
| 110 | 2 |
_aNational Federation of Builders _94086 |
|
| 245 | 0 | 0 |
_aNational Federation of Builders _h[electronic resource] |
| 260 |
_aCrawley _bNFB _c2010 |
||
| 520 | _aThe website for the National Federation of Builders (NFB) includes an archive of their Press Releases. | ||
| 590 | _aKA NTK | ||
| 651 | 4 | _aENGLAND AND WALES | |
| 690 | _aBUILT ENVIRONMENT-CONSTRUCTION MARKET | ||
| 856 | 4 | 8 |
_uhttps://www.builders.org.uk/nfb09/home.eb _zView the website free of charge at www.builders.org.uk |
| 942 | _n0 | ||
| 999 |
_c111176 _d111176 |
||